Africa in the nineteenth century until the 1880s / (Record no. 33655)
[ view plain ]
| 000 -LEADER | |
|---|---|
| fixed length control field | 01565cam a2200361 a 4500 |
| 001 - CONTROL NUMBER | |
| control field | 189446 |
| 003 - CONTROL NUMBER IDENTIFIER | |
| control field | OSt |
| 005 - DATE AND TIME OF LATEST TRANSACTION | |
| control field | 20220328091504.0 |
| 008 - FIXED-LENGTH DATA ELEMENTS--GENERAL INFORMATION | |
| fixed length control field | 981215s1998 enkab b s001 0 eng |
| 010 ## - LIBRARY OF CONGRESS CONTROL NUMBER | |
| LC control number | 98231559 |
| 020 ## - INTERNATIONAL STANDARD BOOK NUMBER | |
| International Standard Book Number | 0520067010 (UC Press) |
| 020 ## - INTERNATIONAL STANDARD BOOK NUMBER | |
| International Standard Book Number | 0852550960 (J. Currey) |
| 020 ## - INTERNATIONAL STANDARD BOOK NUMBER | |
| International Standard Book Number | 9231024981 (UNESCO) |
| 040 ## - CATALOGING SOURCE | |
| Original cataloging agency | DLC |
| Transcribing agency | HU |
| Modifying agency | DLC |
| 043 ## - GEOGRAPHIC AREA CODE | |
| Geographic area code | f------ |
| 050 00 - LIBRARY OF CONGRESS CALL NUMBER | |
| Classification number | DT20 |
| Item number | .G452 1990 vol. 6 |
| Classification number | DT28 |
| 082 ## - DEWEY DECIMAL CLASSIFICATION NUMBER | |
| Classification number | 960 AJA 1998 |
| 245 00 - TITLE STATEMENT | |
| Title | Africa in the nineteenth century until the 1880s / |
| Statement of responsibility, etc. | editor, J.F. Ade Ajayi. |
| 250 ## - EDITION STATEMENT | |
| Edition statement | Abridged ed. |
| 260 ## - PUBLICATION, DISTRIBUTION, ETC. | |
| Place of publication, distribution, etc. | Oxford : |
| Name of publisher, distributor, etc. | J. Currey ; |
| Place of publication, distribution, etc. | Berkeley : |
| Name of publisher, distributor, etc. | University of California Press, |
| Date of publication, distribution, etc. | 1998. |
| 300 ## - PHYSICAL DESCRIPTION | |
| Extent | xxiii, 356 p. : |
| Other physical details | ill., maps ; |
| Dimensions | 21 cm. |
| 490 1# - SERIES STATEMENT | |
| Series statement | General history of Africa ; |
| Volume/sequential designation | 6 |
| 500 ## - GENERAL NOTE | |
| General note | At head of title: International Scientific Committee for the Drafting of a General History of Africa (UNESCO). |
| 504 ## - BIBLIOGRAPHY, ETC. NOTE | |
| Bibliography, etc. note | Includes bibliographical references (p. 323-346) and index. |
| 651 #0 - SUBJECT ADDED ENTRY--GEOGRAPHIC NAME | |
| Geographic name | Africa |
| General subdivision | History |
| Chronological subdivision | 19th century. |
| 9 (RLIN) | 34176 |
| 700 1# - ADDED ENTRY--PERSONAL NAME | |
| Personal name | Ajayi, J. F. Ade. |
| 9 (RLIN) | 34177 |
| 710 2# - ADDED ENTRY--CORPORATE NAME | |
| Corporate name or jurisdiction name as entry element | Unesco. |
| Subordinate unit | International Scientific Committee for the Drafting of a General History of Africa. |
| 9 (RLIN) | 33584 |
| 830 #0 - SERIES ADDED ENTRY--UNIFORM TITLE | |
| Uniform title | General history of Africa (Abridged ed.) ; |
| Volume/sequential designation | 6. |
| 9 (RLIN) | 34178 |
| 856 42 - ELECTRONIC LOCATION AND ACCESS | |
| Materials specified | Publisher description |
| Uniform Resource Identifier | <a href="http://www.loc.gov/catdir/description/ucal041/98231559.html">http://www.loc.gov/catdir/description/ucal041/98231559.html</a> |
| 906 ## - LOCAL DATA ELEMENT F, LDF (RLIN) | |
| a | 7 |
| b | cbc |
| c | orignew |
| d | 2 |
| e | ncip |
| f | 19 |
| g | y-gencatlg |
| 942 ## - ADDED ENTRY ELEMENTS (KOHA) | |
| Source of classification or shelving scheme | Dewey Decimal Classification |
| Koha item type | Books like text book referance book |
| Suppress in OPAC | No |
| Withdrawn status | Lost status | Source of classification or shelving scheme | Damaged status | Not for loan | Collection code | Home library | Current library | Shelving location | Date acquired | Total Checkouts | Full call number | Barcode | Date last seen | Copy number | Price effective from | Koha item type |
|---|---|---|---|---|---|---|---|---|---|---|---|---|---|---|---|---|
| Dewey Decimal Classification | Non-fiction | Wondo Genet Library | Wondo Genet Library | General Stacks | 03/28/2022 | 960 AJA 1998 | WGCFNRL00014977 | 03/28/2022 | 1 | 03/28/2022 | Books like text book referance book |